| 000 | 00772pab a2200169 454500 | ||
|---|---|---|---|
| 008 | 180718b2007 xxu||||| |||| 00| 0 eng d | ||
| 100 | _aBanerjee, Mukulika | ||
| 245 | _aSacred elections | ||
| 260 | _c2007 | ||
| 300 | _ap.1556-562. | ||
| 362 | _a28 Apr | ||
| 520 | _aThe poorest and most socially disadvantaged in India are no less enthusiastic supporters of democracy and the electoral process than the rest. This fact therefore begs the question: "why do people vote?" . Through insights gained through long-term ethnographic research, the answer lies in recognising the sacrosanct place elections have come to occupy in modern Indian public life. - Reproduced. | ||
| 650 | _aElections | ||
| 773 | _aEconomic and Political Weekly | ||
| 908 | _aN | ||
| 909 | _a73754 | ||
| 999 |
_c73754 _d73754 |
||